000 00321nam a2200121Ia 4500
005 20260326235450.0
008 260326s9999||||xx |||||||||||||| ||und||
100 _aBrezzi, Andrea
245 0 _aTulato :
_b Ventana a la Prehistoria de América /
_cAndrea Brezzi
260 _bVillegas Editores
650 _aARTE
942 _cBK
999 _c7713
_d7713